Normal view
MARC view
Entry Uniform Title
001 - CONTROL NUMBER
- control field: 9773
003 - CONTROL NUMBER IDENTIFIER
- control field: BD-RjUL
005 - DATE AND TIME OF LATEST TRANSACTION
- control field: 20231029130816.0
008 - FIXED-LENGTH DATA ELEMENTS
- fixed length control field: 231029|| aca||aabn | a|a d
040 ## - CATALOGING SOURCE
- Original cataloging agency: BD-RjUL
- Transcribing agency: BD-RjUL
130 ## - HEADING--UNIFORM TITLE
- Uniform title: Always learning
670 ## - SOURCE DATA FOUND
- Source citation: Work cat.: (BD-RjUL)82194: Kotler, Philip author 7386, Marketing for hospitality and tourism /